00440nam a22001457a 4500010001500000020002600015035001400041037001300055082001300068100002300081245008600104260004000190270004300230300002100273 aENG-120484 a9789386231741c250.00 aEN-104016 bDBAD/PUB a144.0954 aUpadhaya,Deendayal aIntegral humanism :cby Deendayal Upadhyayaban analysis of some basic elements / aNew Delhi bPrabhat Prakashanc2016 a4/19 Asaf Ali Road bNew Delhie110002 a141p.c22cm(H.b)